GUIDANCE AND COUNSELING (Record no. 17601)

MARC details
000 -LEADER
fixed length control field 00254nam a22001217a 4500
003 - CONTROL NUMBER IDENTIFIER
control field SGT
082 ## - DEWEY DECIMAL CLASSIFICATION NUMBER
Classification number 370
Item number KAK
100 ## - MAIN ENTRY--PERSONAL NAME
Personal name KAKAR, NAMITA
245 ## - TITLE STATEMENT
Title GUIDANCE AND COUNSELING
260 ## - PUBLICATION, DISTRIBUTION, ETC. (IMPRINT)
Place of publication, distribution, etc DELHI
Name of publisher, distributor, etc RI PUB.
Year of Publication 2018
300 ## - PAGE DESCRIPTION
No. of Pages 285
942 ## - ADDED ENTRY ELEMENTS (KOHA)
Source of classification or shelving scheme Dewey Decimal Classification
Koha item type Books
942 ## - ADDED ENTRY ELEMENTS (KOHA)
-- 2
Holdings
Withdrawn status Lost status Source of classification or shelving scheme Damaged status Not for loan Collection code Home library Current library Shelving location Date acquired SGTU Full call number Accession No. (Barcode) Date last seen Bill Date Koha item type Total Checkouts Date last borrowed
    Dewey Decimal Classification     EDUCATION SGT Engineering Library SGT Engineering Library Text Book 16/04/2019 SGTU 370 KAK ED3721 16/04/2019 16/04/2019 Books    
    Dewey Decimal Classification     EDUCATION SGT Engineering Library SGT Engineering Library Text Book 16/04/2019 SGTU 370 KAK ED3722 16/04/2019 16/04/2019 Books    
    Dewey Decimal Classification     EDUCATION SGT Engineering Library SGT Engineering Library Text Book 16/04/2019 SGTU 370 KAK ED3723 09/02/2026 16/04/2019 Books 1 21/01/2026
    Dewey Decimal Classification     EDUCATION SGT Engineering Library SGT Engineering Library Text Book 16/04/2019 SGTU 370 KAK ED3724 04/07/2022 16/04/2019 Books 2 09/06/2022
    Dewey Decimal Classification     EDUCATION SGT Engineering Library SGT Engineering Library Text Book 16/04/2019 SGTU 370 KAK ED3725 16/04/2019 16/04/2019 Books